Historia y geografía: 8

में बचाया:
ग्रंथसूची विवरण
मुख्य लेखकों: Krebs Kaulen, Andrea (लेखक), Musalem C., Nelly (लेखक)
अन्य लेखक: Matte Lira, Verónica (autora)
स्वरूप: पुस्तक
भाषा:स्पेनिश
प्रकाशित: Santiago Universitaria 2001
विषय:
टैग: टैग जोड़ें
कोई टैग नहीं, इस रिकॉर्ड को टैग करने वाले पहले व्यक्ति बनें!

MARC

LEADER 00000nam a2200000 a 4500
001 UCN7830
003 CL-VaPUC
008 011026e20010600CL |||||||||||||||||spa|d
082 0 4 |a 372.89  |b KRE  |2 21 
100 |a Krebs Kaulen, Andrea  |e author  |9 495419 
700 |a Matte Lira, Verónica  |e autora  |9 495585 
700 0 |a Musalem C., Nelly  |e author  |9 463978 
245 1 0 |a Historia y geografía: 8 
300 |a 239 p 
942 |c BK 
945 |d 20011026 00:00:00  |a cmena 
260 |a Santiago  |b Universitaria  |c 2001 
650 0 |a Historia universal  |9 266877 
650 0 |a Educación básica   |9 224933 
650 0 |a Libros de texto  |9 270019 
650 0 |a Enseñanza de la geografía  |9 310005 
650 0 |a Enseñanza de la historia   |9 307330 
583 |a last modification  |c 20150526 14:56:02  |k Rodrigo Vera 
999 |c 298026  |d 298024 
952 |0 0  |1 0  |4 0  |6 372_890000000000000_KRE_2001  |7 0  |8 P  |9 353241  |a BIBEDU  |b BIBEDU  |d 2019-11-21  |i 3767353  |o 372.89 KRE 2001  |p 3767353  |r 2019-11-21  |w 2019-11-21  |y BK  |k BME 
952 |0 0  |1 0  |4 0  |6 372_890000000000000_KRE_2001  |7 0  |8 P  |9 353242  |a BIBEDU  |b BIBEDU  |d 2019-11-21  |i 3767396  |o 372.89 KRE 2001  |p 3767396  |r 2019-11-21  |w 2019-11-21  |y BK  |k BME 
952 |0 0  |1 0  |4 0  |6 372_890000000000000_KRE_2001  |7 0  |8 P  |9 353243  |a BIBEDU  |b BIBEDU  |d 2019-11-21  |i 376740K  |o 372.89 KRE 2001  |p 376740K  |r 2019-11-21  |w 2019-11-21  |y BK  |k BME 
952 |0 0  |1 0  |4 0  |6 372_890000000000000_KRE_2001  |7 0  |8 P  |9 353244  |a BIBEDU  |b BIBEDU  |c BIBEDU_PB  |d 2019-11-21  |i 3767426  |o 372.89 KRE 2001  |p 3767426  |r 2024-01-25  |w 2019-11-21  |y BK  |k BME